00590 a2200169 450000100060000000300050000608200150001110000210002624500970004726000350014430000140017950000180019365000660021194200240027799900190030195201000032089148NUST a646.78 GRA aGray, John99780 aMen are from Mars, Women are from Venus:bthe definitive guide to relationships /cJohn Gray aNew YorkbHarper Collinsc2012 axi, 307p. aGeneral Books aexplores the fundamental psychological, communication9134435 cBKk646.78 GRA2ddc c617434d617434 00102ddc4070aMCSbMCScGENd2026-05-13l0o646.78 GRApMCS39007r2026-05-13w2026-05-13yBK